[Event "EICC 2017"]
[Site "Minsk"]
[Date "2017.06.01"]
[Round "3"]
[White "Michalik, Peter"]
[Black "Tate, Alan"]
[Result "1/2-1/2"]
[WhiteElo "2558"]
[BlackElo "2320"]
[Annotator "TA"]
[PlyCount "103"]
[EventDate "2017.??.??"]
[EventCountry "BLR"]
[SourceTitle "playchess.com"]
[Source "ChessBase"]
[SourceQuality "1"]

{[%evp 19,103,29,34,8,19,10,2,4,35,37,44,0,28,15,34,31,47,37,59,64,61,68,66,66,64,63,69,74,70,46,65,29,26,34,37,40,69,70,78,78,90,41,87,83,83,77,81,72,69,52,80,48,65,47,77,55,68,48,63,8,8,12,29,0,0,0,0,0,0,-10,0,0,0,0,0,0,0,0,0,0,0,0,8,8,8,8]} 1. e4 e5 2. Nf3 Nc6 3. Bc4 Bc5 4. O-O Nf6 5. d3 d6 6. c3 a6 7. a4 h6 8. Na3 {[%cal Bb1a3,Ba3c2,Bc2e3,Be3f1,Bf1g3][%mdl 32] C54: Giuoco Piano: 4 c3 Nf6, main lines with 5 d4 and 5 d3} (8. Re1 O-O 9. b4 Ba7 10. Nbd2 Ne7 11. d4 Ng6 12. h3 exd4 13. cxd4 d5 14. exd5 Nxd5 15. b5 axb5 16. axb5 {0-1 (38) Fressinet,L (2676)-Inarkiev,E (2732) Germany 2017}) 8... O-O 9. Nc2 Be6 10. Bxe6 fxe6 {LiveBook: 3 Games} 11. Re1 (11. b4 $5 {[%cal Rb4c5]} Ba7 12. Be3 $11) 11... Ba7 12. Be3 Bxe3 13. Nxe3 d5 $146 ({Predecessor:} 13... Qe8 14. b4 Ne7 15. Rb1 Ng6 {½-½ (31) Skripchenko,A (2455)-Pogonina,N (2492) Khanty-Mansiysk 2016}) 14. Nf1 Qd6 15. Ng3 Rad8 16. b4 dxe4 17. dxe4 Qxd1 18. Rexd1 b5 19. Rxd8 Rxd8 20. axb5 axb5 21. Kf1 Kf8 22. Ke2 Nd7 23. Nf1 Nb6 24. N1d2 Ke7 25. Nb3 Na4 26. Rc1 Nb2 27. Rc2 Nc4 28. Ra2 Kf6 29. Ne1 Nb6 30. Nd3 Ra8 31. Rxa8 Nxa8 $16 {[%mdl 4096] Endgame KNN-KNN} 32. Na5 Nb8 33. Kd1 Nb6 34. Kc2 Nc8 35. Kb3 Nd6 36. f3 Nd7 37. Nc6 Nc4 38. Na7 Nd6 39. Nc5 (39. Nb2 $14) 39... Nb8 $1 $11 40. Kc2 c6 41. Nd3 Nc4 {The position is equal.} 42. Nb2 {White wants to play Nxc4.} Ne3+ 43. Kd2 Nxg2 44. c4 bxc4 45. Nxc4 Nh4 46. Ke3 Ng6 47. Na5 Ne7 48. Kd3 Kg5 49. Kc4 $1 {[%cal Rc4c5]} Kf4 50. Kc5 $1 {[%cal Ra5c6]} Na6+ 51. Kd6 Ng6 52. N7xc6 {Precision: White = 53%, Black = 57%.} 1/2-1/2

[Event "EICC 2017"]
[Site "Minsk"]
[Date "2017.06.01"]
[Round "3"]
[White "Kunin, Vitaly"]
[Black "Murzin, Volodar"]
[Result "1-0"]
[WhiteElo "2551"]
[BlackElo "2315"]
[Annotator "TA"]
[PlyCount "175"]
[EventDate "2017.??.??"]
[EventCountry "BLR"]
[SourceTitle "playchess.com"]
[Source "ChessBase"]
[SourceQuality "1"]

{[%evp 32,175,2,2,3,3,5,8,8,8,9,-3,8,4,10,11,6,0,0,0,0,0,0,0,0,0,4,4,6,0,0,0,0,0,0,0,0,0,0,0,0,0,0,0,10,0,4,0,0,0,22,12,26,6,19,0,29,11,11,18,35,0,0,0,0,0,0,0,0,0,0,0,25,0,0,0,0,0,0,0,0,0,17,0,9,9,9,9,9,6,9,0,0,0,0,0,0,0,1,0,87,80,51,59,162,162,145,180,194,185,403,331,374,330,525,443,339,0,602,620,682,547,1353,1316,1202,1212,1181,1150,1136,1102,815,731,781,739,12842,12842,12843,12843,12843,12843,12844,12844,12845,12845,12845,12846]} 1. e4 c5 2. Nf3 d6 3. c3 Nf6 4. Bd3 Nc6 5. Bc2 g6 6. h3 Bg7 7. O-O O-O 8. d4 cxd4 9. cxd4 e5 10. Re1 exd4 11. Nxd4 Nxd4 12. Qxd4 Re8 {B50: Sicilian: 2...d6, Miscellaneous} 13. Qd1 d5 14. e5 Ne4 15. Bxe4 dxe4 16. Qxd8 Rxd8 17. Bf4 {[#] LiveBook: 5 Games} e3 $1 {[%mdl 512]} 18. f3 (18. Rxe3 Rd1+) 18... Rd4 19. Bxe3 Bxe5 20. Bf2 {[#]} Bf6 $146 21. Re8+ Kg7 22. Nc3 Rd8 23. Rxd8 Bxd8 24. Bd4+ Kf8 25. Bc5+ Kg7 26. Bd4+ Kf8 27. Bc5+ Kg7 28. Rd1 Bh4 29. Nd5 Bf5 30. g4 Bc2 31. Bd4+ Kg8 32. Rd2 Ba4 $1 33. Bf6 (33. Bf2 {seems wilder.} Bd8 34. Kg2 Bc6 35. Bc5 Kg7 36. Ne7) 33... Bxf6 34. Nxf6+ $11 {[%mdl 4096] Endgame KRB-KRN} Kg7 35. g5 Bc6 36. Kf2 h6 37. h4 a6 38. a3 a5 39. Ke3 a4 40. f4 Rh8 41. Rd4 Bb5 42. Rb4 Bc6 43. Rd4 Bb5 44. Ke4 hxg5 45. hxg5 Rc8 46. Ke5 (46. Rb4 $5 {[%cal Rb4b5]} Bc6+ 47. Kd4 $14) 46... Kf8 47. Rd5 (47. Rb4 $5 {[%cal Rb4b5]} Bc6 48. Kd4 $14) 47... Bc6 48. Rd2 Ke7 49. Rd4 Ra8 50. Nd5+ Kf8 $1 51. Nb6 Ra6 52. Rb4 Ke7 53. Nd5+ Kd7 54. Nb6+ Ke7 55. Nc4 Ra8 56. Kd4 Rd8+ 57. Ke3 b5 58. Ne5 Be8 59. Re4 {Nc6+ is the strong threat.} Kf8 $1 60. Ng4 Bc6 61. Re5 Bd5 62. Nf6 Bc4 63. Kf3 Rd3+ 64. Ke4 {Re8+ would kill now.} Rd8 $1 65. Rc5 Bd3+ (65... Ke7 $1 $11) 66. Ke5 $16 Bc4 67. Rc7 Kg7 (67... Bf1 $14) 68. Rd7 $1 $18 {[%cal Rd7d8]} Rc8 69. Kd6 Kf8 {[#]} 70. Rb7 $1 Kg7 $2 (70... Be6 {might work better.} 71. Rxb5 Rd8+ 72. Kc6 Rc8+ 73. Kb6 Rb8+ 74. Ka6 Bc8+ 75. Ka5 Ra8+ 76. Kb6 Be6) 71. Kd7 Be6+ {[#]} 72. Ke7 $1 Bc4 (72... Bh3 $142 73. Ne8+ (73. Rxb5 Ra8 $16) 73... Kg8) 73. Ne8+ Kg8 74. Nf6+ $2 (74. Rd7 $18) 74... Kh8 $2 {[%mdl 8192]} (74... Kg7 $11) 75. Rd7 {White is clearly winning.} Kg7 76. Rd8 Rxd8 77. Kxd8 {KB-KN} Kf8 78. Nd7+ Kg7 79. Ke7 Be6 80. Nf6 Bc4 81. Ne8+ Kg8 82. Nd6 Kg7 83. Nxc4 bxc4 84. Kd6 Kf8 85. Kd5 Ke7 86. Kxc4 Ke6 87. b3 {[%cal Bb2b3,Bb3a4][%mdl 32]} Kf5 88. bxa4 {Precision: White = 72%, Black = 56%.} 1-0

[Event "EICC 2017"]
[Site "Minsk"]
[Date "2017.06.01"]
[Round "3"]
[White "Sadzikowski, Daniel"]
[Black "Zvjaginsev, Vadim"]
[Result "1/2-1/2"]
[WhiteElo "2548"]
[BlackElo "2661"]
[Annotator "TA"]
[PlyCount "84"]
[EventDate "2017.??.??"]
[EventCountry "BLR"]
[SourceTitle "playchess.com"]
[Source "ChessBase"]
[SourceQuality "1"]

{[%evp 9,84,15,21,20,37,37,38,39,35,10,25,7,13,0,36,45,30,45,39,7,12,4,7,0,14,12,39,43,185,193,177,135,138,137,136,135,140,113,124,118,112,110,118,102,103,102,106,93,119,112,108,99,107,89,101,60,69,56,59,54,54,54,54,54,54,54,73,45,46,46,67,67,77,45,45,45,45]} 1. d4 d5 2. c4 e6 3. Nc3 Bb4 4. Qa4+ Nc6 5. e3 Bd7 6. Qc2 {D31: Queen's Gambit Declined: Semi-Slav without ...Nf6 (+ Marshall Gambit and Noteboom) and Exchange Variation lines without ...Nf6} Nce7 $146 ({Predecessor:} 6... dxc4 7. Bxc4 e5 8. Nf3 exd4 9. exd4 Nf6 10. a3 Qe7+ 11. Be3 Bxc3+ 12. bxc3 Ng4 {0-1 (48) Malakhatko,V (2603)-Barsov,A (2526) Dresden 2008}) 7. a3 Bxc3+ $1 8. Qxc3 Nf6 {[%cal Bg8f6,Bf6e4,Be4c5,Bc5b3][%mdl 32]} 9. Nf3 O-O 10. Be2 c5 11. cxd5 Ne4 12. Qc2 exd5 13. dxc5 Rc8 14. O-O Nxc5 15. Bd2 Ba4 16. Qc3 Nb3 17. Qb4 $1 {[%csl LRa4,LRb7]} b5 18. Rad1 Rc4 (18... a5 $14 19. Qg4 Nxd2 20. Rxd2 Qd6) 19. Bxc4 $18 dxc4 20. e4 {Threatens to win with Bg5.} Nc6 {[#]} 21. Qc3 $1 {aiming for Bh6!} Nbd4 22. Nxd4 Qxd4 23. Rde1 Qxc3 24. Bxc3 a5 25. f4 b4 26. axb4 axb4 27. Bd2 Bc2 28. e5 Rd8 {[#]} 29. Rf2 $1 Bf5 30. Ra1 h5 31. h3 Rb8 32. Be1 Nd4 33. Ra4 (33. Rc1 $5 {[%cal Rc1c4]} Bd3 34. Rd1 $16) 33... Nc2 34. Rxc2 Bxc2 35. Rxb4 Rxb4 36. Bxb4 $14 {[%mdl 4096] Endgame KB-KB} Be4 37. Kf2 Bf5 38. Be7 Be6 39. Ke3 f6 40. exf6 Kf7 41. f5 Bxf5 42. fxg7 Kxg7 {Precision: White = 58%, Black = 71%.} 1/2-1/2

[Event "EICC 2017"]
[Site "Minsk"]
[Date "2017.06.01"]
[Round "3"]
[White "Petrosyan, Manuel"]
[Black "Grachev, Boris"]
[Result "1/2-1/2"]
[WhiteElo "2546"]
[BlackElo "2658"]
[Annotator "TA"]
[PlyCount "90"]
[EventDate "2017.??.??"]
[EventCountry "BLR"]
[SourceTitle "playchess.com"]
[Source "ChessBase"]
[SourceQuality "1"]

{[%evp 13,90,9,15,12,16,17,20,20,21,22,35,0,0,8,0,0,0,0,16,6,24,28,25,27,27,27,16,16,16,16,35,20,20,30,83,81,91,72,86,32,41,34,19,27,147,147,147,22,26,18,52,59,79,79,86,0,0,0,0,8,8,15,53,0,59,0,64,64,64,59,64,0,70,0,81,0,0,4,96]} 1. d4 d5 2. c4 e6 3. Nc3 Nf6 4. cxd5 Nxd5 5. e4 Nxc3 6. bxc3 c5 7. a3 cxd4 {LiveBook: 25 Games. D35: Queen's Gambit Declined: Exchange Variation} 8. cxd4 e5 9. Nf3 exd4 10. Qxd4 Qxd4 11. Nxd4 Bc5 12. Be3 $146 ({Predecessor:} 12. Nb5 Na6 13. Bc4 O-O 14. O-O Be6 15. Bd5 Bxd5 16. exd5 {½-½ (47) Nisipeanu,L (2677)-Naiditsch,A (2706) Deizisau 2013}) 12... Nc6 13. Bb5 Bd7 14. Nf5 Bxe3 15. Nxe3 Ne5 16. a4 O-O 17. Ke2 Be6 18. f4 $36 {[%mdl 2048] White is pushing.} a6 19. fxe5 axb5 20. axb5 Bd7 21. b6 Bc6 22. Rxa8 Rxa8 $14 {[%mdl 4096] Endgame KRB-KRN} 23. Nd5 Re8 {[#]} (23... Kf8 $11) 24. Rc1 $1 $16 Bxd5 25. exd5 Rxe5+ {KR-KR} 26. Kd3 (26. Kf3 $16 {Intending Rc8+ and mate.} Kf8 27. d6) 26... Rxd5+ $14 27. Ke4 {Rc8+ would kill now.} Rd8 28. Rc7 f6 (28... Rb8 $11) 29. Rxb7 $16 Rd6 30. g4 (30. Rb8+ $16 Kf7 31. b7) 30... g5 $1 $11 31. Ke3 {[#] Strongly threatening Rb8+.} Kh8 32. Kf3 {aiming for Ke4.} Rd3+ 33. Ke4 Rd6 34. h3 (34. Rb8+ $16 Kg7 35. h3) 34... Kg8 35. Ke3 Kh8 36. Ke2 {And now Ke3 would win.} Kg8 37. Ke1 Kh8 38. Ke2 Kg8 39. Ke3 Kh8 $1 40. Rb8+ Kg7 41. Ke4 {Threatens to win with b7.} Kh6 42. Ke3 Kg7 $1 43. Ke4 {Hoping for b7.} Kh6 $1 44. Rb7 ({White should try} 44. b7 $16 Rb6 45. Ke3) 44... Kg6 45. Ke3 {Rb8 is the strong threat.} Kh6 {Precision: White = 48%, Black = 64%.} (45... f5 $11 {keeps the balance.}) 1/2-1/2

[Event "EICC 2017"]
[Site "Minsk"]
[Date "2017.06.01"]
[Round "3"]
[White "Sanal, Vahap"]
[Black "Berkes, Ferenc"]
[Result "0-1"]
[WhiteElo "2533"]
[BlackElo "2654"]
[Annotator "TA"]
[PlyCount "78"]
[EventDate "2017.??.??"]
[EventCountry "BLR"]
[SourceTitle "playchess.com"]
[Source "ChessBase"]
[SourceQuality "1"]

{[%evp 20,78,0,0,0,0,0,0,0,0,0,-13,0,-20,-12,-49,20,-47,-47,-39,-27,-27,-20,-15,-22,-154,-149,-195,-185,-179,-187,-454,-434,-761,-412,-671,-669,-658,-660,-620,-423,-558,-550,-488,-382,-339,-340,-333,-319,-337,-334,-314,-293,-292,-275,-447,-453,-454,-466,-594,-594]} 1. e4 c5 2. Nf3 e6 3. d4 cxd4 4. Nxd4 a6 5. Nc3 Nc6 6. Nxc6 bxc6 7. Bd3 d5 8. O-O Nf6 9. e5 Nd7 10. Re1 Bb7 11. Na4 Qc7 {B46: Sicilian: Taimanov: 5 Nc3 a6} 12. Qe2 c5 {[#] White must now prevent ...c4.} 13. c4 d4 {The position is equal.} 14. b3 Be7 15. Bf4 O-O $146 ({Predecessor:} 15... Bc6 16. Nb2 Qb7 17. f3 Nf8 {½-½ (47) Arizmendi Martinez,J (2542)-Sachdev,T (2371) Biel 2006}) 16. Bg3 (16. h4 {is interesting.} Bc6 17. h5 Qd8 18. Qg4 Kh8 19. Bg3) 16... a5 17. f4 Qc6 (17... g6 $1 $15) 18. Qc2 (18. f5 $11) 18... g6 $1 $15 19. Nb2 Kg7 20. Qf2 f5 21. exf6+ Nxf6 {[%cal Bd7f6,Bf6e4,Be4c3][%mdl 32]} 22. h3 (22. f5 $11 Ng4 23. Be4 Qxe4 24. Rxe4 Nxf2 25. Rxe6 Nh3+ 26. gxh3) 22... Rae8 $17 23. Qd2 Bd6 24. Bh2 {[#]} Qc7 $1 25. Be2 $2 (25. Na4) 25... Ne4 $19 26. Qd3 (26. Qc2 $142 Ng5 27. Rf1) 26... Nc3 27. Bg4 (27. Na4 $142 Bxf4 28. Bxf4 Qxf4 29. Rf1) 27... Bxf4 28. Bxf4 Qxf4 29. Rf1 Qd6 30. Rxf8 Rxf8 (30... Kxf8 $2 31. Rc1 $19) 31. Re1 Qf4 {( -> ...Qf2+)} 32. Rf1 Qxf1+ 33. Qxf1 Rxf1+ 34. Kxf1 {[%mdl 4096] Endgame KBN-KBN} Be4 35. Bxe6 Kf6 ({Don't do} 35... Nxa2 36. Na4 $17) 36. Bg8 g5 37. g3 $2 (37. Kf2 {keeps fighting.}) 37... Ke5 {Black is clearly winning.} 38. Kf2 Nxa2 39. Na4 Kd6 {Precision: White = 31%, Black = 60%.} 0-1

[Event "EICC 2017"]
[Site "Minsk"]
[Date "2017.06.01"]
[Round "3"]
[White "Macieja, Bartlomiej"]
[Black "Sjugirov, Sanan"]
[Result "0-1"]
[WhiteElo "2530"]
[BlackElo "2654"]
[Annotator "TA"]
[PlyCount "126"]
[EventDate "2017.??.??"]
[EventCountry "BLR"]
[SourceTitle "playchess.com"]
[Source "ChessBase"]
[SourceQuality "1"]

{[%evp 16,126,26,14,37,28,43,33,26,35,41,47,47,47,45,43,39,49,37,33,32,34,26,0,39,25,24,13,39,12,12,0,18,0,0,0,5,0,0,0,0,0,0,-3,-6,-10,-12,-95,-43,-113,-93,-160,-32,-179,-144,-160,-160,-160,-160,-160,-160,-160,-160,-160,-160,-160,-160,-175,-160,-160,-160,-160,-160,-167,-167,-875,-751,-771,-425,-682,-735,-873,-851,-901,-911,-903,-645,-2617,-2566,-3739,-1014,-1862,-1011,-836,-583,-2414,-516,-5169,-450,-2850,-447,-2816,0,-2721,-2646,-2587,-2481,-2401,-2389,-2250,-2145,-29982,-29983]} 1. c4 Nf6 2. Nc3 e5 3. Nf3 Nc6 4. g3 Bb4 5. Nd5 Nxd5 6. cxd5 Nd4 7. Nxd4 exd4 8. Bg2 {A29: English Opening: Four Knights Variation with 4 g3} (8. Qc2 Be7 9. Qe4 O-O 10. Qxd4 Bf6 11. Qc4 Re8 12. Bg2 a5 13. d3 b5 14. Qc2 Qe7 15. d6 Qxd6 16. Bxa8 {1-0 (53) Tomashevsky,E (2758)-Kasimdzhanov,R (2704) Berlin 2015}) 8... O-O 9. O-O {LiveBook: 6 Games} d6 10. a3 {White is slightly better.} Bc5 11. b4 Bb6 12. e3 dxe3 13. dxe3 Qf6 $146 ({Predecessor:} 13... a5 14. Bb2 Bd7 15. Qd3 Qe8 {1-0 (53) Vajsman,A-Omelchenko,L ICCF corr 1977}) 14. Bd2 a5 15. a4 axb4 16. Bxb4 Ba5 17. Qb3 Bxb4 18. Qxb4 b6 19. a5 Bf5 20. Ra3 bxa5 21. Rxa5 Rab8 {[%cal Ba8b8,Bb8b4,Bb4c4][%mdl 32]} 22. Qf4 g5 23. Qf3 Qe5 24. Ra7 Rb4 {[#] ...Bg4 is the strong threat.} 25. Qd1 Rc4 26. Qa1 Qxa1 27. Raxa1 Rb8 28. Rfc1 Rbb4 29. Bf1 Rxc1 30. Rxc1 $11 {[%mdl 4096] Endgame KRB-KRB} g4 31. Bc4 {[#]} (31. Be2 $11 {remains equal.}) 31... Kg7 (31... Be4 $1 $17 32. Ba2 Rb7) 32. Ba6 (32. h3 $15) 32... Kf6 33. Kf1 ({White should try} 33. h3) 33... Rb6 ({Better is} 33... Rb1 $17 34. Rxb1 Bxb1) 34. Bc4 ({Only move:} 34. Be2 $15) 34... Ke5 35. Ke1 Rb1 36. Rxb1 Bxb1 $17 {KB-KB} 37. Be2 f5 ({Much weaker is} 37... Kxd5 $6 38. Bxg4 Kc4 39. Kd2 $11) 38. Bf1 Kxd5 39. Kd2 Ke5 40. Kc3 c5 41. h3 Be4 42. Kc4 Bd5+ 43. Kc3 Bf3 44. Kc4 Be4 45. h4 $2 (45. hxg4 fxg4 46. Be2) 45... Bf3 $19 46. Bd3 Bd5+ 47. Kc3 Be4 48. Bf1 d5 49. Be2 h6 50. Bd1 c4 51. Be2 Bf3 52. Bf1 Kd6 (52... h5 $142 53. Kc2 Ke6) 53. Kb4 Kc6 54. Kc3 Kc5 55. Kc2 Kb4 (55... h5 $142 56. Kc3 Kb5) 56. Kb2 (56. h5 $142 Be4+ 57. Kb2) 56... Ka4 (56... h5 $142 57. Kc2 Be4+ 58. Kb2 Kc5) 57. Ka2 (57. h5 $142 Kb4 58. Kc2) 57... Ka5 (57... h5 $142 58. Kb2 Kb4) 58. Ka1 (58. h5 $142 Kb5 59. Kb2) 58... Kb4 59. Kb2 h5 60. Kc2 Ka3 61. Kc3 Ka2 62. Kc2 Be4+ 63. Kc1 Kb3 {Precision: White = 27%, Black = 65%.} 0-1

[Event "EICC 2017"]
[Site "Minsk"]
[Date "2017.06.01"]
[Round "3"]
[White "Djukic, Nikola"]
[Black "Khismatullin, Denis"]
[Result "0-1"]
[WhiteElo "2526"]
[BlackElo "2651"]
[Annotator "TA"]
[PlyCount "66"]
[EventDate "2017.??.??"]
[EventCountry "BLR"]
[SourceTitle "playchess.com"]
[Source "ChessBase"]
[SourceQuality "1"]

{[%evp 14,66,22,8,25,20,35,0,8,0,0,-39,-15,-16,-29,-35,27,8,33,-60,-59,-110,-96,-87,-82,-82,-76,-120,-123,-160,-43,-187,-194,-189,-188,-157,-138,-175,-185,-535,-528,-547,-543,-542,-540,-477,-530,-518,-457,-5314,-5314,-2269,-1976,-29987,-29988]} 1. e4 c5 2. Nf3 d6 3. d4 cxd4 4. Nxd4 Nf6 5. Nc3 a6 6. g3 e5 7. Nde2 Be6 8. Bg2 h5 {B91: Sicilian Najdorf: 6 g3} 9. Bg5 Nbd7 10. f4 $146 ({Predecessor:} 10. Qd2 Be7 11. a4 Rc8 12. O-O Nf8 13. Bxf6 Bxf6 14. Rfd1 Be7 15. Nd5 h4 16. Nec3 {½-½ (46) Kramnik,V (2809)-Giri,A (2771) London 2016}) 10... Be7 {The position is equal.} 11. b3 {aiming for f5.} Bg4 12. h3 Bxe2 $1 13. Nxe2 Qb6 14. Qd2 Rc8 (14... O-O $15) 15. O-O-O $1 $11 O-O 16. Kb2 (16. g4 $14) 16... Rc7 $15 17. Rhf1 ({White should try} 17. Ka1 $15) 17... Rfc8 $36 {[%mdl 2048] Black is really pushing.} 18. Rc1 Nc5 {[%cal Bd7c5,Bc5a4,Ba4c3][%mdl 32]} 19. Nc3 {[#]} Qb4 $1 {Hoping for ...Na4+!} 20. fxe5 dxe5 21. Nb1 {[#]} Na4+ $1 22. Ka1 {Threatens to win with Qxb4.} Nc3 23. Nxc3 Rxc3 (23... Qxc3+ 24. Qxc3 Rxc3 25. Bf3 $17) 24. Bxf6 Bxf6 25. Rf3 {[#]} Bg5 $1 {[%mdl 512]} 26. Qxg5 $2 (26. Rxc3 {nothing else works.} Qxc3+ 27. Qxc3 Rxc3 28. Rd1) 26... Rxc2 $19 27. Rxc2 Rxc2 28. Qd8+ Kh7 29. Qd1 Rd2 {( -> ...Qd4+)} ({Don't play} 29... Rxg2 30. Rd3 $19) 30. Qc1 {If only White now had time for Bf1....} Rxg2 31. Rxf7 (31. Re3 $142) 31... Qd4+ 32. Kb1 Rg1 33. Rf1 Qd3+ {Precision: White = 36%, Black = 73%.} 0-1

[Event "EICC 2017"]
[Site "Minsk"]
[Date "2017.06.01"]
[Round "3"]
[White "Kveinys, Aloyzas"]
[Black "Swiercz, Dariusz"]
[Result "1/2-1/2"]
[WhiteElo "2520"]
[BlackElo "2649"]
[Annotator "TA"]
[PlyCount "72"]
[EventDate "2017.??.??"]
[EventCountry "BLR"]
[SourceTitle "playchess.com"]
[Source "ChessBase"]
[SourceQuality "1"]

{[%evp 17,72,0,36,8,8,22,18,4,22,12,19,20,47,40,57,2,2,-18,-4,0,17,-9,-8,-38,-12,-87,0,0,0,0,0,0,-4,0,0,-62,-66,-65,-33,-79,-40,-42,-15,-29,-25,-60,-22,-88,-84,-70,0,0,0,0,0,5,20]} 1. d4 Nf6 2. c4 e6 3. g3 d5 4. Nf3 Bb4+ 5. Bd2 Be7 6. Bg2 O-O 7. O-O Nbd7 8. Qc2 c6 9. Bf4 Ne4 10. Nfd2 {E08: Closed Catalan: Main Line: 7 Qc2} (10. Nc3 g5 11. Bc1 f5 12. b3 b6 13. Bb2 Bb7 14. Rad1 Qe8 15. Nd2 Nd6 16. Ba3 Rc8 17. Rfe1 Nf7 18. Qb2 {½-½ (30) So,W (2822)-Nakamura,H (2793) Saint Louis 2017}) 10... g5 11. Nxe4 $146 {Strongly threatening Bxg5.} ({Predecessor (2):} 11. Be3 Nd6 12. f3 Nf5 13. Bf2 Bf6 14. e3 c5 15. g4 Nh4 16. cxd5 cxd4 17. dxe6 Ne5 18. exd4 {0-1 (29) Bogner,S (2539)-Kveinys,A (2524) Bad Woerishofen 2016}) 11... gxf4 12. Ned2 fxg3 13. hxg3 f5 14. Nc3 Nf6 15. Nf3 Bd7 16. Ne5 (16. c5 $14) 16... Bd6 $11 17. cxd5 cxd5 18. Qd2 Be8 19. Qe3 Qe7 20. Bf3 Qg7 21. Kg2 (21. Nc4 $11 Bb4 22. Ne5) 21... Rd8 (21... Ne4 $1 $17 {Threatening ...f4.} 22. Bxe4 dxe4) 22. Rh1 Ne4 23. Qh6 Qxh6 24. Rxh6 Bxe5 25. dxe5 Ng5 26. Rah1 (26. Rh4 $11) 26... d4 $15 27. Nb1 $1 d3 $1 28. Rd1 ({Wrong is} 28. Bxb7 $2 Rb8 $19) 28... dxe2 ({Reject} 28... Nxf3 $6 29. exf3 Bg6 30. Rh4 $11) 29. Bxe2 Bc6+ 30. Kf1 $1 Kg7 31. Rxd8 Rxd8 32. Rf6 (32. Rh4 $1 $11) 32... Bd7 {[#] aiming for ...Ne4.} 33. Nc3 {White wants to play f4.} h6 (33... Nf7 $15 34. f4 Nh6) 34. Bh5 $1 $11 {With the idea f4.The position is equal.} Be8 35. g4 {Black should prevent Bxe8.} ({Don't play} 35. Bxe8 Rxe8 36. Nb5 Ne4 $17) 35... Bxh5 36. gxh5 Rd2 {Precision: White = 29%, Black = 58%.} 1/2-1/2

[Event "EICC 2017"]
[Site "Minsk"]
[Date "2017.06.01"]
[Round "3"]
[White "Dastan, Muhammed Batuhan"]
[Black "Edouard, Romain"]
[Result "1-0"]
[WhiteElo "2519"]
[BlackElo "2640"]
[Annotator "TA"]
[PlyCount "115"]
[EventDate "2017.??.??"]
[EventCountry "BLR"]
[SourceTitle "playchess.com"]
[Source "ChessBase"]
[SourceQuality "1"]

{[%evp 17,115,8,0,0,0,0,0,0,0,0,0,0,0,0,0,0,0,0,0,9,37,39,40,12,32,0,18,0,59,53,105,103,107,100,134,138,135,78,84,84,87,97,89,84,87,89,120,114,122,114,126,83,151,152,165,150,153,144,116,71,60,-68,0,0,0,-72,-120,-242,-113,-277,-289,-255,-260,-233,-286,-270,-265,-212,0,0,8,14,109,109,121,111,5526,5526,5343,4133,1648,1641,29963,29964,29963,29962,29955,6398,5118,4141]} 1. e4 e6 2. d4 d5 3. e5 c5 4. c3 Nc6 5. Nf3 Qb6 6. a3 Nh6 7. b4 cxd4 8. Bxh6 gxh6 9. cxd4 Bd7 $1 10. Ra2 {C02: French: Advance Variation} Rg8 {[%cal Bh8g8,Bg8g4,Bg4e4][%mdl 32]} 11. g3 (11. h3 h5 12. g3 h4 13. g4 Be7 14. Be2 f6 15. b5 Nd8 16. Qd3 Rg7 17. Nc3 Nf7 {0-1 (38) Shirov,A (2684)-Nakamura,H (2787) Zuerich 2016}) 11... Rg4 {[%cal Rc6d4]} 12. Rd2 $1 {The position is equal.} a5 13. b5 Re4+ 14. Be2 Qxb5 $1 15. O-O Qb6 16. Bd3 {[#]} Rxd4 $146 ({Predecessor:} 16... Be7 17. Nc3 Rxd4 18. Nxd4 Nxd4 19. Bxh7 {1-0 (48) Zhang,Z (2628)-Harika,D (2509) Al Ain 2015}) 17. Nxd4 Qxd4 18. Re1 Bg7 19. Bxh7 Qc5 20. Rc2 $36 {[%mdl 2048] White has good play.} Qd4 21. Rd2 Qc5 22. Qh5 Rc8 (22... Qe7 $11) 23. Kg2 $14 Kf8 (23... a4 $14) 24. Rc2 Qd4 {[%cal Rc6e5]} 25. f4 Ne7 26. Rxc8+ Bxc8 27. Qd1 (27. Qe2 $142) 27... Qxd1 $16 28. Rxd1 f6 29. exf6 Bxf6 30. Bd3 Bd7 31. Nd2 Nc8 32. Nf3 Nd6 33. Ne5 Be8 34. Re1 b5 ({Black should play} 34... Ke7) 35. Ng4 Bb2 36. Rxe6 Bxa3 37. Rxh6 a4 38. Rh8+ Ke7 39. f5 (39. h4 $1 $14) 39... Bb2 (39... Bc5 $1 $15 40. f6+ Ke6) 40. Rh7+ (40. f6+ $5 Bxf6 41. Rh7+ Nf7 42. Nh6 $11) 40... Nf7 41. f6+ (41. Ne3 $1 $11) 41... Ke6 $1 $17 {[%mdl 1024] And now ...a3 would win. Black has strong compensation.} 42. Rg7 (42. Nh6 $17) 42... a3 (42... b4 $19 {has better winning chances.} 43. Bg6 a3) 43. Bb1 $2 (43. Rg8 $17 {was the only defense.} Nd6 44. Bb1) 43... b4 $19 44. Rg8 Bb5 45. Rb8 Nd6 46. Ra8 b3 47. Ra7 {[%csl Gf6][%cal Ra7e7] [#]} d4 $2 {[#]} ({Black should try} 47... Nf7 $1 $19 {...Bc4 is the strong threat.} 48. Re7+ Kd6) 48. Be4 $1 $11 {[%csl Gf6][%cal Ra7e7][%mdl 512]} Bd7 ({Wrong is} 48... Nxe4 $2 49. f7 $18) 49. Bh7 $1 {[%cal Rh7g8] Strongly threatening Bg8+.} a2 (49... Bc6+ $11 50. Kh3 a2 51. Bg8+ Kf5) 50. Bg8+ $16 Kf5 {[#]} 51. Ra5+ $1 Bb5 $2 {[%mdl 8192]} (51... Kg6 $16 52. Ne5+ (52. Bxb3 Bc6+ 53. Kg1 a1=Q+ 54. Rxa1 Bxa1 $11) 52... Kxf6 53. Nxd7+ Ke7) 52. f7 $18 Nxf7 53. Bxf7 Ke4 54. Rxb5 {[%cal Rf7g6]} Kd3 55. Rxb3+ Bc3 56. Ra3 a1=Q 57. Rxa1 Bxa1 58. Bg6+ {Precision: White = 64%, Black = 44%.} 1-0